| 000 | 01846nam a22004457a 4500 | ||
|---|---|---|---|
| 001 | 000095551 | ||
| 003 | CHAP | ||
| 005 | 20220329143115.0 | ||
| 008 | 060410d2005 mx r 00110 spa d | ||
| 010 | _a92017 | ||
| 011 | _a92989 | ||
| 035 | _a103556 | ||
| 040 | _cCHAP | ||
| 090 | _aTesis | ||
| 100 | 1 |
_aMurillo Rodríguez, Gerardo. _979767 |
|
| 245 | 1 | 0 |
_aProductividad monetaria por animal y efectos de la composición del hato, rendimientos físicos y precios reales en el valor bruto de la producción del subsector cárnico del municipio de Torreón, Coahuila, México de 1990 a 2002 / _c/por Gerardo Murillo Rodríguez. |
| 260 |
_aBermejillo, Dgo. : _bEl autor, _c2005. |
||
| 300 | _a94 h. | ||
| 502 | _aTesis (Ing. Agr. Esp. en Zonas Aridas) -- UACH. Unidad Regional Universitaria de Zonas Aridas | ||
| 590 |
_aALEPH _b10 _c20130110 _lUCH01 _h1511 |
||
| 590 |
_aBATCH-UPD _b10 _c20130110 _lUCH01 _h0522 |
||
| 590 |
_aBATCH-UPD _b10 _c20130410 _lUCH01 _h0201 |
||
| 590 |
_aBATCH-UPD _b10 _c20130410 _lUCH01 _h1608 |
||
| 590 |
_aBATCH-UPD _b10 _c20130914 _lUCH01 _h1510 |
||
| 590 |
_aBATCH-UPD _b10 _c20140324 _lUCH01 _h1456 |
||
| 590 |
_aBATCH-UPD _b10 _c20141002 _lUCH01 _h0829 |
||
| 590 |
_aCONVERSION _b10 _c20130109 _lUCH01 _h1351 |
||
| 590 |
_aE11695DGD _b10 _c20130531 _lUCH01 _h0754 |
||
| 650 | 1 | 4 |
_aGanado de carne _xAspectos económicos. _945071 |
| 650 | 1 | 4 |
_aGanado de carne _xCostos de producción. _945077 |
| 650 | 1 | 4 |
_aGanado de carne _xPrecios. _945103 |
| 650 | 1 | 4 |
_aGanado de carne _xProducción. _945104 |
| 856 |
_3Finding aid _uhttp://10.13.5.2/tesis/103556.pdf _zTeclea aquí |
||
| 901 | _aBK | ||
| 905 | _aAlejandra Carrasco M. | ||
| 942 | _cCD | ||
| 942 | _n0 | ||
| 949 |
_aTesis _bBC _cTES _d00000001035561 _eTS1 _gDonaciØn _h44985 _i103556 _sb |
||
| 949 |
_aTesis _bBC _cTES _d33724000999538 _eTS2 _fc.2 _gDonaciØn _h44986 _i103556 _sb |
||
| 999 |
_c92017 _d92017 |
||